Loading...
History - Other History | 0 | 2 | 0 | 1 | 20 | 133 | 134.00 | 0 | 2 |
Other | 0 | 2 | 0 | 0 | 20 | 98 | 107.00 | 1 | 2 |
History - World History | 0 | 2 | 0 | 2 | 20 | 113 | 118.50 | 1 | 2 |
History - European History | 0 | 2 | 1 | 0 | 15 | 32 | 69.50 | 1 | 2 |
Science - Physics | 0 | 1 | 0 | 0 | 10 | 77 | 77.00 | 1 | 1 |
Philosophy | 0 | 1 | 0 | 1 | 10 | 138 | 138.00 | 0 | 1 |
Science - Biology | 0 | 1 | 0 | 1 | 10 | 116 | 116.00 | 0 | 1 |
Religion | 0 | 1 | 0 | 1 | 10 | 121 | 121.00 | 0 | 1 |
Science - Chemistry | 0 | 1 | 0 | 0 | 10 | 66 | 66.00 | 1 | 1 |
Fine Arts - Painting & Sculpture | 0 | 1 | 0 | 0 | 10 | 105 | 105.00 | 0 | 1 |
Fine Arts - Other Fine Arts | 0 | 1 | 0 | 1 | 10 | 137 | 137.00 | 0 | 1 |
Mythology | 0 | 0 | 0 | 0 | 0 | 0.00 | 0 | 0 | |
Literature - World Literature | 0 | 0 | 0 | 0 | 0 | 0.00 | 0 | 0 | |
Science - Other Science | 0 | 0 | 1 | 0 | -5 | 0.00 | 0 | 0 | |
Fine Arts - Classical Music | 0 | 0 | 1 | 0 | -5 | 0.00 | 0 | 0 |